000 00606nam a2200205Ia 4500
001 5046
003 GE_BSU
008 181216s||||||||xx |||||||||||||| ||und||
040 _cGE_BSU
080 _a621.385(075)
100 _aРогинский,В.Ю.
245 _aЭлектропитание радиоустроиств.
245 _cРед. Б.И.Леонова.
260 _aЛ.
260 _bЭнергия.
260 _c1970.
300 _a320 стр. с илл. 22см. Библиогр.: стр. 317.
653 _aЭлектропитание радиоустроиств.
942 _cBK
999 _c38731
_d38731